| 000 | 00421nam a2200169Ia 4500 | ||
|---|---|---|---|
| 003 | GCL | ||
| 008 | 140319s9999 xx 000 0 eng d | ||
| 040 |
_aGCL / _cGCL |
||
| 082 | 0 | 4 |
_aCH. _b823.087 _bB W |
| 100 | 1 | _aBRONTE, EMILY | |
| 245 | 1 | 0 |
_aWUTHERING HEIGHTS / _cBRONTE, EMILY |
| 260 |
_a[S.N] : _bLONGMAN GROUP UK LIMITED ، _c1988 |
||
| 300 | _a30 P | ||
| 650 | 0 | 4 | _aCHILDREN |
| 650 | 0 | 4 | _aTALES |
| 942 |
_2ddc _cBK |
||
| 999 |
_c18021 _d18021 |
||